Sports Quiz

Random Sports or Baseball Quiz

MLB All-Stars (2000s) Quiz Stats

 Plays Quiz Updated Jun 15, 2018

Score 0/188 Timer 15:00
9 Plays Today
% Correct
Derek Jeter
97.7%
Derek Jeter
97.7%
Derek Jeter
97.7%
Derek Jeter
97.7%
Derek Jeter
97.7%
Derek Jeter
97.7%
Alex Rodriguez
97.5%
Alex Rodriguez
97.5%
Alex Rodriguez
97.5%
Alex Rodriguez
97.5%
Alex Rodriguez
97.5%
Alex Rodriguez
97.5%
Alex Rodriguez
97.5%
Alex Rodriguez
97.5%
Ivan Rodriguez
97.1%
Ivan Rodriguez
97.1%
Ivan Rodriguez
97.1%
Ivan Rodriguez
97.1%
Ivan Rodriguez
97.1%
Albert Pujols
93.3%
Albert Pujols
93.3%
Albert Pujols
93.3%
Albert Pujols
93.3%
Albert Pujols
93.3%
Albert Pujols
93.3%
Manny Ramirez
92.9%
Manny Ramirez
92.9%
Manny Ramirez
92.9%
Manny Ramirez
92.9%
Manny Ramirez
92.9%
Hanley Ramirez
92.5%
Hanley Ramirez
92.5%
Chipper Jones
92.1%
Chipper Jones
92.1%
Chipper Jones
92.1%
Aramis Ramirez
91.9%
Randy Johnson
90.2%
Randy Johnson
90.2%
Barry Bonds
90%
Barry Bonds
90%
Barry Bonds
90%
Barry Bonds
90%
Barry Bonds
90%
David Ortiz
90%
David Ortiz
90%
David Ortiz
90%
Ichiro Suzuki
88.3%
Ichiro Suzuki
88.3%
Ichiro Suzuki
88.3%
Ichiro Suzuki
88.3%
Ichiro Suzuki
88.3%
Ichiro Suzuki
88.3%
Ichiro Suzuki
88.3%
Ichiro Suzuki
88.3%
Joe Mauer
88.1%
Joe Mauer
88.1%
Mike Piazza
87.1%
Mike Piazza
87.1%
Mike Piazza
87.1%
Mike Piazza
87.1%
Chase Utley
86.2%
Chase Utley
86.2%
Chase Utley
86.2%
% Correct
Chase Utley
86.2%
David Wright
86.1%
David Wright
86.1%
David Wright
86.1%
Jorge Posada
85.9%
Jorge Posada
85.9%
Todd Helton
84.6%
Todd Helton
84.6%
Todd Helton
84.6%
Cliff Lee
84%
Roy Halladay
83.7%
Derrek Lee
83.6%
Jason Giambi
83.5%
Jason Giambi
83.5%
Jason Giambi
83.5%
Russell Martin
83%
Vladimir Guerrero
82.6%
Vladimir Guerrero
82.6%
Vladimir Guerrero
82.6%
Vladimir Guerrero
82.6%
Vladimir Guerrero
82.6%
Vladimir Guerrero
82.6%
Edgar Martinez
81.7%
Edgar Martinez
81.7%
Roger Clemens
81.3%
Roger Clemens
81.3%
Jimmy Rollins
79.8%
Yadier Molina
79.3%
Tim Lincecum
78.9%
Sammy Sosa
78.7%
Sammy Sosa
78.7%
Sammy Sosa
78.7%
Sammy Sosa
78.7%
Dustin Pedroia
78.7%
Prince Fielder
78.2%
Alfonso Soriano
77.9%
Alfonso Soriano
77.9%
Alfonso Soriano
77.9%
Alfonso Soriano
77.9%
Ryan Braun
77.9%
Ryan Braun
77.9%
Curt Schilling
76.9%
Josh Hamilton
75.5%
Josh Hamilton
75.5%
Lance Berkman
74.9%
Lance Berkman
74.9%
Carlos Beltran
74.8%
Carlos Beltran
74.8%
Carlos Beltran
74.8%
Mark Teixeira
74.7%
Mark Teixeira
74.7%
Ken Griffey Jr
74.5%
Jason Varitek
73.6%
Bernie Williams
72.7%
Luis Gonzalez
72.3%
Cal Ripken Jr
71.9%
Juan Gonzalez
71.8%
Jeff Kent
71.6%
Jeff Kent
71.6%
Jeff Kent
71.6%
Jeff Kent
71.6%
Scott Rolen
71%
Scott Rolen
71%
% Correct
Scott Rolen
71%
Jose Reyes
70.4%
Michael Young
66.7%
Miguel Tejada
66.4%
Chris Carpenter
63.3%
Jim Edmonds
63.3%
Jim Edmonds
63.3%
Jim Edmonds
63.3%
Shane Victorino
63.2%
Johnny Damon
62.9%
Torii Hunter
62.1%
Barry Larkin
61.6%
Jason Bay
61.5%
Jason Bay
61.5%
Larry Walker
61%
Carlos Delgado
60.4%
Jake Peavy
60.1%
Vernon Wells
59.4%
Kevin Youkilis
59.3%
David Wells
59.3%
Brian Roberts
59.1%
Edgar Renteria
59.1%
Edgar Renteria
59.1%
Edgar Renteria
59.1%
Geovany Soto
58.6%
Troy Glaus
58.6%
Jason Kendall
57.7%
Roberto Alomar
57.5%
Derek Lowe
56.1%
Matt Holliday
55.9%
Javy Lopez
54.9%
Mark Mulder
54.2%
Aaron Hill
52.6%
Raul Ibanez
52.4%
Mark Buehrle
51.4%
Bret Boone
51.1%
Ben Sheets
51%
Garret Anderson
48.8%
Magglio Ordonez
46.4%
Jose Vidro
44.1%
Jose Vidro
44.1%
David Eckstein
41.8%
Placido Polanco
41.6%
John Olerud
38.2%
Paul Lo Duca
36.3%
Hideki Matsui
35.7%
Gary Sheffield
35%
Danny Haren
34.8%
Kenny Rogers
34.5%
Jason Schmidt
34.3%
Bobby Abreu
34.1%
Kosuke Fukudome
32%
Jermaine Dye
31.1%
Andres Galarraga
28.9%
Rich Aurilia
26.7%
Brad Penny
24.7%
Travis Fryman
24.6%
Milton Bradley
21.3%
Esteban Loaiza
20.5%
Shea Hillenbrand
14.3%
Mark Loretta
14.1%
Carl Everett
14%

You're not logged in!

Compare scores with friends on all Sporcle quizzes.
OR
Log In

You Might Also Like...

Show Comments

Extras

Top Quizzes Today


Score Distribution

Your Account Isn't Verified!

In order to create a playlist on Sporcle, you need to verify the email address you used during registration. Go to your Sporcle Settings to finish the process.

Report this User

Report this user for behavior that violates our Community Guidelines.

Details: